00483 2200169 4500245004800000020002200048250001100070100001700081700001800098650002800116005001900144260009500163041001400258084001200272300002000284336000900304 aKamus Oseanografi KimiacTri PrartonohText a978-623-307-010-2 aCet. 1 aTri Prartono aAzhari Dasman aKamus Oseanografi Kimia a20241031105603 aJakartabBadan pengembangan bahasa dan perbukuan Kemeterian pendidikn dan kebudayaanc2020 aIndonesia a551.460 a125 Hlm. :cPDF atext